| 000 | 00418nam a2200169Ia 4500 | ||
|---|---|---|---|
| 008 | 131103s9999 xx 000 0 und d | ||
| 040 | _aLoreto College | ||
| 041 | _aEnglish | ||
| 082 |
_a922/MER _bLCLIB |
||
| 100 | _aMerton, Thomas | ||
| 245 | 4 |
_aThe sign. of jonas _cThomas Merton |
|
| 260 |
_aLondon _bHollis _c1953 |
||
| 300 |
_a354p. _c 22cm. |
||
| 650 | _aBiography | ||
| 850 | _aLCLIB/922/MER | ||
| 942 | _cBK | ||
| 999 |
_c25506 _d75985 |
||